Don Ciro Bayo y Segurola / (Record no. 67157)

MARC details
000 -LEADER
campo de control de longitud fija 00823nam a2200241 i 4500
001 - NÚMERO DE CONTROL
campo de control 67157
003 - IDENTIFICADOR DE NÚMERO DE CONTROL
campo de control ES-MaACL
005 - FECHA Y HORA DE LA ÚLTIMA TRANSACCIÓN
campo de control 20250929142930.0
007 - CAMPO FIJO DE DESCRIPCIÓN FÍSICA--INFORMACIÓN GENERAL
campo de control de longitud fija t|
008 - DATOS DE LONGITUD FIJA--INFORMACIÓN GENERAL
campo de control de longitud fija 040507s2001 sp ||||0| spa d
040 ## - FUENTE DE CATALOGACIÓN
Centro catalogador/agencia de origen M-BN
Lengua de catalogación spa
Centro/agencia transcriptor M-BN
080 ## - NÚMERO DE LA CLASIFICACIÓN DECIMAL UNIVERSAL
Número de la Clasificación Decimal Universal 929 Bayo, Ciro
100 1# - ENTRADA PRINCIPAL--NOMBRE DE PERSONA
Nombre de persona Fradejas Lebrero, José.
9 (RLIN) 52057
245 10 - MENCIÓN DEL TÍTULO
Título Don Ciro Bayo y Segurola /
Mención de responsabilidad, etc. por José Fradejas Lebrero.
260 ## - PUBLICACIÓN, DISTRIBUCIÓN, ETC.
Lugar de publicación, distribución, etc. Madrid :
Nombre del editor, distribuidor, etc. Ayuntamiento :
-- Instituto de Estudios Madrileños,
Fecha de publicación, distribución, etc. 2001.
300 ## - DESCRIPCIÓN FÍSICA
Extensión 44 p. ;
Dimensiones 21 cm.
490 1# - MENCIÓN DE SERIE
Mención de serie Ciclo de conferencias: Madrileños del siglo XX ;
Designación de volumen o secuencia 6
600 14 - PUNTO DE ACCESO ADICIONAL DE MATERIA--NOMBRE DE PERSONA
Nombre de persona Bayo, Ciro,
Fechas asociadas al nombre 1859-1939
9 (RLIN) 26688
710 2# - ENTRADA AGREGADA--NOMBRE DE ENTIDAD CORPORATIVA
Nombre de entidad corporativa o nombre de jurisdicción como elemento de entrada Instituto de Estudios Madrileños
9 (RLIN) 4916
830 0# - PUNTO DE ACCESO ADICIONAL DE SERIE-TÍTULO UNIFORME
Título uniforme Ciclo de conferencias: Madrileños del siglo XX ;
Designación de volumen o secuencia 6
9 (RLIN) 183127
852 ## - LOCALIZACIÓN
Ubicación ES-MaACL
Número de control de estantería 2174-F-18
Sublocalización o colección R.133060
Holdings
Estatus retirado Estado de pérdida Estado de daño No para préstamo Colección Biblioteca de origen Biblioteca actual Ubicación en estantería Fecha de adquisición Fuente de adquisición Total de préstamos Signatura topográfica completa Código de barras Visto por última vez Precio de reemplazo Tipo de ítem Koha
        Colección de folletos Biblioteca del Ateneo de Madrid Biblioteca del Ateneo de Madrid Depósito folletos 17/01/2008     2174-F-18 1070332 23/02/2023 23/02/2023 Folleto